|
|
|
|
| LEADER |
01378nam a2200289 a 4500 |
| 001 |
12759891 |
| 003 |
BD-DhAAL |
| 008 |
091227s1985 nyuab b 001 0 eng d |
| 010 |
|
|
|a 2002069744
|
| 020 |
|
|
|a 0345331354
|
| 020 |
|
|
|a 0375508325 (acid-free paper)
|
| 040 |
|
|
|a DLC
|c DLC
|d DLC
|d BD-DhAAL
|
| 082 |
0 |
0 |
|a 520
|2 19
|
| 100 |
1 |
|
|a Sagan, Carl,
|d 1934-1996.
|9 15920
|
| 245 |
1 |
0 |
|a Cosmos /
|c Carl Sagan.
|
| 260 |
|
|
|a New York :
|b Ballantine Books,
|c 1985.
|
| 300 |
|
|
|a xxi, 324 pages :
|b ill. (some col.), maps (some col.) ;
|c 17 cm.
|
| 500 |
|
|
|a Originally published: New York : Random House, c1980.
|
| 504 |
|
|
|a Includes bibliographical references (p. 295-304) and index.
|
| 526 |
|
|
|x Fardousi Ara Begum
Assistant Professor
Department of Mathematics and Natural Sciences
Course name and no.:N/A
|
| 541 |
1 |
|
|a Zeenat book supply limited
|e 00019619
|
| 650 |
|
0 |
|a Astronomy
|v Popular works.
|9 58747
|
| 730 |
0 |
|
|a Cosmos (Television program)
|9 58748
|
| 852 |
4 |
|
|a Ayesha Abed Library
|j General Shelf.
|
| 942 |
|
|
|2 ddc
|c BK
|
| 999 |
|
|
|c 6473
|d 6473
|
| 952 |
|
|
|0 0
|1 0
|2 ddc
|4 0
|6 520_000000000000000_SAG_1985
|7 0
|9 6564
|a BRACUL
|b BRACUL
|c GEN
|d 2009-12-27
|e Zeenat book supply limited
|g 395.00
|l 17
|m 148
|o 520 SAG
|p 3010019619
|q 2026-06-02
|r 2026-04-29
|s 2026-04-29
|t 1
|v 1200.00
|w 2009-12-27
|y BK
|x Requisitioned by Fardousi Ara Begum, Assistant Professor, Department of MNS. Course name and no. "not available"
|